000 00245nam a22001217a 4500
008 170803b xxu||||| |||| 00| 0 eng d
041 _aeng
080 _a004
100 _a32
101 _aSHKI
245 _aDATA
_cGREEN, P.E
942 _2udc
_cBK
999 _c22601
_d22601